000 00251nam a2200109Ia 4500
008 190216s9999||||xx |||||||||||||| ||und||
100 _aMoulana Moududi
245 0 _aBudhiyude Vidhi
260 _bIslahi Publications
650 _aPadanam
942 _cBK
999 _c24596
_d24596